¿ Existe un modelo de desarrollo de grandes ciudades latinoamericanas? /
Guardat en:
| Autor principal: | |
|---|---|
| Format: | Text |
| Matèries: | |
| Etiquetes: |
Afegir etiqueta
Sense etiquetes, Sigues el primer a etiquetar aquest registre!
|
MARC
| LEADER | 00000 a a2200000 04500 | ||
|---|---|---|---|
| 001 | 175 | ||
| 003 | |||
| 040 | |||
| 100 | |a Czerny, Miroslawa | ||
| 245 | |a ¿ Existe un modelo de desarrollo de grandes ciudades latinoamericanas? / |c Miroslawa Czerny | ||
| 650 | |a MODELOS ECONOMICOS | ||
| 650 | |a DESARROLLO | ||
| 650 | |a CIUDADES | ||
| 650 | |a AMERICA LATINA | ||
| 650 | |a POBLACION MEXICANA | ||
| 773 | |g número 14; páginas 7-27 | ||
| 999 | |c 36193 |d 36193 | ||
| 773 | 0 | |0 18809 |9 3206 |a Universidad de Varsovia |d Varsovia, Polonia: Universidad de Varsovia. Facultad de Geografía y Estudios Regionales, 1984- |o 03642 |t Actas Latinoamericanas de Varsovia/ |w (cru CIDCACS/IIS)36121 | |
